Engaging with God : (Record no. 4736)

MARC details
000 -LEADER
fixed length control field 01024cam a2200289 a 4500
001 - CONTROL NUMBER
control field 12849977
003 - CONTROL NUMBER IDENTIFIER
control field GBCCL
005 - DATE AND TIME OF LATEST TRANSACTION
control field 20241126110525.0
008 - FIXED-LENGTH DATA ELEMENTS--GENERAL INFORMATION
fixed length control field 020711r20021992ilua b 001 0 eng
010 ## -
-- 2002027648
020 ## - INTERNATIONAL STANDARD BOOK NUMBER
International Standard Book Number 0830826971 (alk. paper)
040 ## - CATALOGING SOURCE
Original cataloging agency DLC
Transcribing agency DLC
Modifying agency DLC
050 00 -
-- BS680.W78
-- P47 2002
082 00 - DEWEY DECIMAL CLASSIFICATION NUMBER
Classification number 248.3
-- 248.309015
Edition information 21
Item number PET
100 1# - MAIN ENTRY--PERSONAL NAME
Personal name Peterson, David,
Dates associated with a name 1944-
9 (RLIN) 8652
245 10 - TITLE STATEMENT
Title Engaging with God :
Remainder of title a biblical theology of worship /
Statement of responsibility, etc. David Peterson
260 ## - PUBLICATION, DISTRIBUTION, ETC.
Place of publication, distribution, etc. England :
Name of publisher, distributor, etc. Apollos,
Date of publication, distribution, etc. 1992
300 ## - PHYSICAL DESCRIPTION
Extent 317 p. :
Other physical details ill. ;
Dimensions 23 cm.
500 ## - GENERAL NOTE
General note Originally published: 1992.
504 ## - BIBLIOGRAPHY, ETC. NOTE
Bibliography, etc. note Includes bibliographical references and indexes.
630 00 - SUBJECT ADDED ENTRY--UNIFORM TITLE
Uniform title Bible
General subdivision Theology.
9 (RLIN) 357
650 #0 - SUBJECT ADDED ENTRY--TOPICAL TERM
Topical term or geographic name entry element Worship
General subdivision Biblical teaching.
9 (RLIN) 8653
650 #0 - SUBJECT ADDED ENTRY--TOPICAL TERM
Topical term or geographic name entry element Public worship
General subdivision Biblical teaching.
9 (RLIN) 8654
906 ## - LOCAL DATA ELEMENT F, LDF (RLIN)
a 7
b cbc
c orignew
d 1
e ocip
f 20
g y-gencatlg
942 ## - ADDED ENTRY ELEMENTS (KOHA)
Source of classification or shelving scheme Dewey Decimal Classification
Koha item type Books
Koha issues (borrowed), all copies 11
Holdings
Withdrawn status Lost status Source of classification or shelving scheme Damaged status Not for loan Home library Current Library Shelving location Date acquired Total checkouts Total renewals Full call number Barcode Date last seen Date last checked out Copy number Price effective from Koha item type
    Dewey Decimal Classification     GRACE BIBLE COLLEGE GRACE BIBLE COLLEGE Ministry & Mission 2018-02-02 11 2 248.3 PET 003604 2025-05-01 2023-03-13 c.1 2018-02-02 Books
© Grace Bible College Library 2025